Entry Nombre personal
001 - NÚMERO DE CONTROL
- campo de control: 33598
003 - IDENTIFICADOR DE NÚMERO DE CONTROL
- campo de control: OSt
005 - FECHA Y HORA DE LA ÚLTIMA TRANSACCIÓN
- campo de control: 20251215172550.0
008 - ELEMENTOS DE DATO DE LONGITUD-FIJA
- campo de control de longitud fija: 041118 n acnnnaaan n ann d
040 ## - FUENTE DE CATALOGACIÓN
- Centro catalogador/agencia de origen: OSt
- Centro/agencia transcriptor: OSt
100 10 - ENCABEZAMIENTO-NOMBRE DE PERSONA
- Nombre de persona: Calderón, Fina de,
- Fechas asociadas al nombre: 1927-2010
400 10 - TRAZADO DE VÉASE--NOMBRE DE PERSONA
- Nombre de persona: Attard, Josefina
400 10 - TRAZADO DE VÉASE--NOMBRE DE PERSONA
- Nombre de persona: Calderón, Fina
400 10 - TRAZADO DE VÉASE--NOMBRE DE PERSONA
- Nombre de persona: Fina de Calderón
